| 000 | nam a22 a 4500 | ||
|---|---|---|---|
| 999 |
_c3636 _d3636 |
||
| 003 | AKMAL | ||
| 005 | 20170523130058.0 | ||
| 008 | 170523s1988 my 00 may d | ||
| 040 |
_aAKMAL _cAKMAL |
||
| 082 | 0 | 4 | _a659.2 ADN |
| 090 |
_a659.2 _bADN |
||
| 100 |
_aMohd. Hamdan Adnan _94727 |
||
| 245 | 1 |
_aKonsep asas perhubungan awam / _cMohd. Hamdan Haji Adnan |
|
| 260 |
_aKuala Lumpur : _bDewan Bahasa dan Pustaka, _c1988 |
||
| 300 |
_axii, 223ms. ; _c21cm |
||
| 504 | _aBibliografi: ms.221-223 | ||
| 650 |
_aPublic relations _94395 |
||
| 650 |
_aMass media _92649 |
||
| 942 |
_2ddc _cBOOK |
||